|
|
|
|
| LEADER |
00000nab a2200000 a 4500 |
| 001 |
vtls000313707 |
| 003 |
SK-MaSNL |
| 005 |
20260305005043.0 |
| 008 |
111201c1978 xo 0 slo |
| 015 |
|
|
|a SNBRB19rr/mm-uuuuu
|
| 035 |
|
|
|a CL0003799
|
| 040 |
|
|
|a SNKBUCL
|b slo
|c SNKBUCL
|e AACR2
|
| 041 |
0 |
|
|a slo
|
| 044 |
|
|
|a xo
|c SK
|
| 080 |
|
|
|a 82.09:885.0-3(048)
|2 1981
|
| 080 |
|
|
|a 885.0-3(048)
|2 1981
|
| 100 |
1 |
|
|a (rv)
|4 aut
|9 848208
|
| 245 |
1 |
0 |
|a Čisté reakcie slov
|c (rv) ; Petr Skarlant
|
| 650 |
0 |
7 |
|a novely poetické
|2 snkbucl
|9 1583420
|
| 650 |
0 |
7 |
|a Skarlant, Petr
|2 snkbucl
|9 1007571
|
| 650 |
0 |
7 |
|a Praha (Česko)
|2 snkbucl
|9 902287
|
| 650 |
0 |
7 |
|a študenti
|2 snkbucl
|9 3979
|
| 655 |
|
7 |
|a články z novín a časopisov
|2 snkbucl
|9 267496
|
| 655 |
|
7 |
|a články z odboru literárna veda a krásna literatúra
|2 snkbucl
|9 770045
|
| 700 |
1 |
|
|a Skarlant, Petr
|4 aut
|9 941891
|
| 773 |
0 |
|
|t Smena
|g Roč. 31, č. 32 (7. 2. 1978), s. 6
|
| 787 |
0 |
8 |
|i Rec.:
|a Skarlant, Petr
|t Věk slasti
|d Praha : Melantrich, 1977
|
| 850 |
|
|
|a Slovenská národná knižnica v Martine
|a MTA001
|
| 852 |
|
|
|a SNK
|b KIS3GCP
|
| 958 |
|
|
|a RK
|
| 958 |
|
|
|a LX
|
| 958 |
|
|
|a SK
|
| 992 |
|
|
|a RBX
|
| 999 |
|
|
|c 3238734
|d 3240664
|